Peasants
Αποθηκεύτηκε σε:
| Κύριος συγγραφέας: | |
|---|---|
| Μορφή: | Βιβλίο |
| Γλώσσα: | English |
| Δημοσίευση: |
New Jersey :
Prentice-Hall,
1966
|
| Σειρά: | Foundations of modern anthropology series
|
| Θέματα: | |
| Ετικέτες: |
Προσθήκη ετικέτας
Δεν υπάρχουν, Καταχωρήστε ετικέτα πρώτοι!
|
MARC
| LEADER | 00000cam a2200000 i 4500 | ||
|---|---|---|---|
| 001 | 1/86534 | ||
| 008 | 961009s1966 eng d | ||
| 035 | |l 10006519 | ||
| 040 | |a GR-MY-UA |b gre |e aacr | ||
| 041 | 0 | |a eng | |
| 082 | 0 | |a 307.72 | |
| 100 | 1 | |a Wolf, Eric R., |d 1923-1999. | |
| 245 | 1 | 0 | |a Peasants / |c Eric R. Wolf |
| 260 | |a New Jersey : |b Prentice-Hall, |c 1966 | ||
| 300 | |a 116 p. | ||
| 490 | 1 | |a Foundations of modern anthropology series | |
| 504 | |a Includes bibliographical references and index | ||
| 650 | 0 | |a Peasants. | |
| 830 | 0 | |a Foundations of modern anthropology series | |
| 852 | |a INST |b LESVOS |e 19961009 |h 307.72 WOL |p 005100009095 |q 005100009095 |t BK |y 0 | ||
| 852 | |a INST |b LESVOS |e 19961009 |h 307.72 WOL |p 005100009096 |q 005100009096 |t BK |y 0 | ||
| 909 | |a Λ |b 03856 | ||